Angiotensin-converting enzyme gene polymorphism (ACE) in immunoglobulin a nephropathy (IgAN) patients /
Saved in:
| Main Author: | |
|---|---|
| Format: | Unknown |
| Language: | English |
| Published: |
Kuala Lumpur :
Faculty of Medcine, University Kebangsaan Malaysia,
[2005?]
|
| Subjects: | |
| Tags: |
Add Tag
No Tags, Be the first to tag this record!
|
| LEADER | 017550000a22003730004500 | ||
|---|---|---|---|
| 001 | 351749 | ||
| 005 | 20230419132021.0 | ||
| 008 | 060508q2005 my a f m 000 0 eng d | ||
| 035 | |a (Sirsi) 351749 | ||
| 040 | |a UIAM |b eng |e rda | ||
| 041 | 0 | |a eng may | |
| 043 | |a a-my-- | ||
| 050 | 0 | |a QP609.A53 | |
| 100 | 0 | |a Che Rosle bin Drman, |e author |9 90230 | |
| 245 | 1 | 0 | |a Angiotensin-converting enzyme gene polymorphism (ACE) in immunoglobulin a nephropathy (IgAN) patients / |c by Dr Che Rosle bin Drman |
| 260 | |a Kuala Lumpur : |b Faculty of Medcine, University Kebangsaan Malaysia, |c [2005?] | ||
| 300 | |a 68 pages : |b illustrations ; |c 30 cm. | ||
| 336 | |2 rdacontent |a text | ||
| 337 | |2 rdamedia |a unmediated | ||
| 338 | |2 rdacarrier |a volume | ||
| 500 | |a Abstracts in English and Malay. | ||
| 500 | |a "Thesis submitted in partial fulfillment for the Degree of Master of Medicine (Internal Medicine)."--On title page. | ||
| 504 | |a Includes bibliographical references (leaves 58-60). | ||
| 530 | |a Also available on computer optical disc (4 3/4 in.). | ||
| 546 | |a Text in English and Malay. | ||
| 650 | 0 | |a Angiotensin converting enzyme |9 90231 | |
| 650 | 0 | |a Immunoglobulin A |9 90232 | |
| 655 | 0 | 7 | |a Theses, non-IIUM |
| 730 | 4 | |a Angiotensin-converting enzyme gene polymorphism (ACE) in immunoglobulin a nephropathy (IgAN) patients |h [electronic resource] |9 90233 | |
| 900 | |a hj-a jt | ||
| 942 | |2 lcc |n 0 | ||
| 999 | |c 433902 |d 466908 | ||
| 952 | |0 0 |6 T QP 000609 A53 C514A 2005 |7 0 |8 THESES |9 755388 |a KIMC |b KIMC |c CLOSEACCES |g 0.00 |o t QP 609 A53 C514A 2005 |p 00001048123 |r 2019-09-04 |t 1 |v 0.00 |y THESIS | ||
| 952 | |0 0 |6 TS CDF QP609A53C514A 2005 |7 5 |8 THESES |9 823652 |a KIMC |b KIMC |c MULTIMEDIA |g 0.00 |o ts cdf QP609A53C514A 2005 |p 00001048124 |r 2018-05-03 |t 1 |v 0.00 |y THESISDIG | ||
